00491nam a22001457a 4500082001500000100003600015245004000051260005100091300002700142526003700169650001300206942001200219999001900231952009500250 a625.8bSTA aIndian Research council,944222 aState of the art: surface dressing/ aNew Delhi:bIRC Highway Research Board,cc1986 av, 112p,;bill,:c22cm a0b0c0d625_800000000000000_STA aMCE9379 2ddccBK c548048d548048 00102ddc4070aMCEbMCEd2014-08-19l0o625.8 STApMCE-43367r2014-08-19w2014-08-19yBK